|
|
|
|
| LEADER |
00000nam0a2200000 4500 |
| 001 |
37896 |
| 005 |
20231031004541.0 |
| 035 |
|
|
|a (RuTPU)RU\TPU\book\38489
|
| 090 |
|
|
|a 37896
|
| 100 |
|
|
|a 20020204d1975 k y0rusy50 ca
|
| 101 |
0 |
|
|a rus
|
| 102 |
|
|
|a RU
|
| 105 |
|
|
|a a g 001zy
|
| 200 |
1 |
|
|a Справочник по проектированию электропривода, силовых и осветительных установок
|f Под ред. Я. М. Большама; Под ред. В. И. Круповича; Под ред. М. Л. Самовера
|
| 205 |
|
|
|a 2-е изд., перераб. и доп.
|
| 210 |
|
|
|a Москва
|c Энергия
|d 1975
|
| 215 |
|
|
|a 727 с.
|c ил.
|
| 225 |
1 |
|
|a Электроустановки промышленных предприятий
|
| 320 |
|
|
|a Библиогр.: с. 722.
|
| 320 |
|
|
|a Алфавитный указатель: с. 723-727.
|
| 610 |
1 |
|
|a электротехника
|
| 610 |
1 |
|
|a электропривод
|
| 610 |
1 |
|
|a силовые установки
|
| 610 |
1 |
|
|a осветительные установки
|
| 610 |
1 |
|
|a электрооборудование
|
| 610 |
1 |
|
|a промышленные электроустановки
|
| 610 |
1 |
|
|a электрическое освещение
|
| 610 |
1 |
|
|a промышленный транспорт
|
| 610 |
1 |
|
|a заземление
|
| 610 |
1 |
|
|a электробезопасность
|
| 610 |
1 |
|
|a молниезащита
|
| 610 |
1 |
|
|a датчики
|
| 610 |
1 |
|
|a регуляторы
|
| 610 |
1 |
|
|a справочники
|
| 675 |
|
|
|a 621.3.002.7(035)
|v 3
|
| 675 |
|
|
|a 62-83(035)
|v 3
|
| 702 |
|
1 |
|a Большам
|b Я. М.
|4 340
|
| 702 |
|
1 |
|a Крупович
|b В. И.
|4 340
|
| 702 |
|
1 |
|a Самовер
|b М. Л.
|4 340
|
| 801 |
|
1 |
|a RU
|b 63413507
|c 20020204
|g PSBO
|
| 801 |
|
2 |
|a RU
|b 63413507
|c 20140618
|g PSBO
|
| 942 |
|
|
|c BK
|